000 00230nam a2200097Ia 4500
008 170619s9999 xx 000 0 und d
100 _aNewstrom- John
245 0 _aOrganizational Behavior
260 _bPEARSON EDU. DELHI
260 _c2010
546 _aENGLISH
999 _c23189
_d23189